00484nam a2200157 i 4500001000300000100002000003245005400023260002100077040000800098041000800106942000700114008004100121999001700162856009800179952004900277bg1 aGOLONKA, Leszek 0aCermetowe rezystory grubowarstwowe /cL. Golonka. aWrocław,c1991. cBPK apol cKS s pl f |000 0 pol  c29505d29505 uhttp://koha.tu.koszalin.pl/cgi-bin/koha/opac-detail.pl?biblionumber=29505yKatalog online BPK 00104070aBPKbBPKcwo35681p01607734yKS